02084cam a2200361 i 450000100090000000300090000900500170001800800410003502000250007604000330010108200200013410000330015424500750018726400590026226400100032130000720033133600260040333700280042933800270045750400510048450506180053565000280115365000420118165100100122365300250123365500140125870000400127294200120131299900170132495201270134195201270146895201270159518578358EG-ScBUE20230619103247.0150416t2016 enka f b 001 0 eng d a9780199988563 (pbk.) aDLCbengerdacDLCdEG-ScBUE04a909.08bCAR2221 aCarter, James Hugh,eauthor.10aForging the modern world :ba history /cJames Carter, Richard Warren. 1aOxford ;aNew York :bOxford University Press,c[2016] 4cc2016 axv, 391 pages :billustrations (chiefly color), color maps ;c24 cm 2rdacontentatextbtxt 2rdamediaaunmediatedbn 2rdacarrieravolumebnc aIncludes bibliographical references and index.0 aThe many worlds of the 15th century, 1405-1510 -- The new global interface, 1486-1639 -- The paradoxes of early modern empire, 1501-1661 -- Production and consumption in the first global economy, 1571- 1701 -- Global war and imperial reform, 1655-1765 -- A new order for the ages, 1755-1839 -- The engines of industrialization, 1787-1868 -- Modernity organized, 1840-1889 -- Globalization and its discontents, 1878-1910 -- Total war and mass society, 1905-1928 -- The ongoing crisis of global order, 1919-1948 -- Hot wars, cold wars and decolonization, 1942-1975 -- The many worlds of the 21st century, 1972-2012. 7aHistory, Modern.2BUEsh 7aHistory, Moderny20th century.2BUEsh 2BUEsh bBUSBOLcNovember2017 vText book1 aWarren, Richard A.,d1961-eauthor. 2ddccBB c25573d25545 00102ddc40708BaccahaMAINbMAINc2NDd2017-11-14ePurchaseg1100.00l0o909.08 CARp000046841r2025-07-15 00:00:00yNB 00102ddc40708BaccahaMAINbMAINc2NDd2017-11-14ePurchaseg1100.00l0o909.08 CARp000046842r2025-07-15 00:00:00yBB 00102ddc40708BaccahaMAINbMAINc2NDd2017-11-14ePurchaseg1100.00l0o909.08 CARp000046844r2025-07-15 00:00:00yBB